000 00472nam a22001577a 4500
008 170424b xxu||||| |||| 00| 0 eng d
020 _a9715503195
082 _21999
_aDFil 899.2111
_bZ1
100 _920150
_aZafra, Galileo S.
245 _aBalagtasan:
_bkasaysayan at antolohiya/
_cGalileo S. Zafra.
260 _aQuezon City:
_bADMU Press,
_cc1999.
300 _aix, 281 pages;
_c23 cm.
650 0 _920151
_aFilipino poetry.
365 _b341.00
_cPhp.
942 _2ddc
_cDFIL
999 _c6655
_d6655